| 000 | 00378nam a22001457a 4500 | ||
|---|---|---|---|
| 008 | 210607b ||||| |||| 00| 0 eng d | ||
| 020 | _a9780763718589 | ||
| 041 | _aeng | ||
| 080 |
_23rd _a610.73 |
||
| 082 | _a610.73 | ||
| 100 | _a1 | ||
| 101 | _aINF | ||
| 245 |
_aPhilosophical and Theoretical Prerspectives for Advanced Nursing Practice _cJanet W. Kenney |
||
| 942 |
_2udc _cBK |
||
| 999 |
_c58019 _d58019 |
||